WNBA Teams - Sudden Death - Statistics

General Stats
  • This quiz has been taken 986 times
  • The average score is 13 of 24
Answers on the Grid
Answers color-coded by a green-red scale on the quiz's grid according to % correct below.
Atlanta Dream
Baltimore Blue Crabs
Boston Terriers
Charlotte Sting
Chicago Fire
Cleveland Rockers
Connecticut Sun
Dallas Wings
Denver Goldies
Detroit Shock
Houston Comets
Indiana Fever
Iowa Hawkeyes
Las Vegas Aces
Los Angeles Sparks
Memphis Soul
Miami Sol
Milwaukee Does
Minnesota Lynx
Nashville Mountaineers
New Orleans Bourbons
New York Liberty
Orlando Miracle
Philadelphia Belles
Phoenix Mercury
Pittsburgh Freedom
Portland Fire
Sacramento Monarchs
San Antonio Silver Stars
San Antonio Stars
San Diego Surf
San Francisco Embers
San Jose Swarm
Seattle Storm
St. Louis Arches
Tampa Bay Barracuda
Tulsa Shock
Utah Starzz
Washington Mystics
 
Answer Stats
Answer % Correct
Indiana Fever
89%
Las Vegas Aces
88%
New York Liberty
88%
Atlanta Dream
87%
Los Angeles Sparks
87%
Minnesota Lynx
87%
Dallas Wings
83%
Phoenix Mercury
83%
Seattle Storm
79%
Connecticut Sun
78%
Washington Mystics
78%
Houston Comets
39%
Detroit Shock
37%
Charlotte Sting
34%
Chicago Fire
33%
San Antonio Stars
33%
Sacramento Monarchs
27%
Portland Fire
26%
Tulsa Shock
24%
Cleveland Rockers
21%
Miami Sol
20%
San Antonio Silver Stars
20%
Utah Starzz
20%
Orlando Miracle
19%
No matching quizzes found
Score Distribution
Percent of People with Each Score
Percentile by Number Answered
Your Score History
You have not taken this quiz